<?xml version="1.0" encoding="UTF-8"?>
<collection xmlns:xsi="http://www.w3.org/2001/XMLSchema-instance" xsi:schemaLocation="http://www.loc.gov/MARC21/slim http://www.loc.gov/standards/marcxml/schema/MARC21slim.xsd" xmlns="http://www.loc.gov/MARC21/slim">
 <record>
  <leader>00000ctm a22000007a 4500</leader>
  <controlfield tag="001">UP-8027390931316317004</controlfield>
  <controlfield tag="003">Buklod</controlfield>
  <controlfield tag="005">20230720132136.0</controlfield>
  <controlfield tag="006">a     r    |||| u|</controlfield>
  <controlfield tag="007">ta</controlfield>
  <controlfield tag="008">230720s        xx     d     r    |||| u|</controlfield>
  <datafield tag="035" ind1=" " ind2=" ">
   <subfield code="a">(iLib)UPMIN-00029304027</subfield>
  </datafield>
  <datafield tag="040" ind1=" " ind2=" ">
   <subfield code="c">UPMin</subfield>
  </datafield>
  <datafield tag="090" ind1=" " ind2=" ">
   <subfield code="a">LG993.5 2022 A6</subfield>
   <subfield code="b">A43</subfield>
  </datafield>
  <datafield tag="100" ind1="1" ind2=" ">
   <subfield code="a">Alcantara, Diana Faith F.</subfield>
   <subfield code="e">author</subfield>
  </datafield>
  <datafield tag="245" ind1="0" ind2="0">
   <subfield code="a">Locked down and online</subfield>
   <subfield code="b">women, sexuality, and the pandemic</subfield>
   <subfield code="c">Diana Faith F. Alcantara.</subfield>
  </datafield>
  <datafield tag="264" ind1=" " ind2="1">
   <subfield code="c">2022</subfield>
  </datafield>
  <datafield tag="300" ind1=" " ind2=" ">
   <subfield code="a">83 leaves</subfield>
  </datafield>
  <datafield tag="502" ind1=" " ind2=" ">
   <subfield code="a">Thesis (BS Anthropology) -- University of the Philippines Mindanao, June 2022</subfield>
  </datafield>
  <datafield tag="520" ind1="3" ind2=" ">
   <subfield code="a">The COVID-19 pandemic took over the internet. With the series of lockdowns and stay-at-home policing, the majority of people?s social interactions are happening online. Omegle is one of the websites that surge in popularity during the extended periods of social isolation brought by this global health crises. However, Omegle is a very controversial site where encounters of nudity on camera were experienced by most users, especially women. Female users were vulnerable subjects of unwanted nudes from male strangers and victims of online sexual harassment. Using qualitative approach, this study presents identities.  Of women in Omegle, their motivation and experiences using the site before and during the pandemic, and other implications of womanhood. Data sources for this study include fieldwork observations and key-informant interviews. The study focuses only on the heterosexist norm of interaction in Omegle which concentrates mainly on the narratives of cis-heterosexual women. The results of the study demonstrate various identities of the female users in Omegle. Before the pandemic, most women were unaware of the sexual nature of the site and were motivated primarily by curiosity. During the pandemic, women already had prior knowledge about the site and used Omegle to seek online interaction regardless of its controversies. Negative experiences of unwanted penis encounters were prominent. To gain some control over these negative circumstances in Omegle, women displayed different forms of resistance-showing emotions, verbally reacting, taunting and fooling indecent men, and judging men?s penis sizes. The study recognizes insufficiencies in drawing aggregate representatives of female users of Omegle. Nevertheless, this remains significant for creating a safe online space for women.</subfield>
  </datafield>
  <datafield tag="658" ind1=" " ind2=" ">
   <subfield code="a">Undergraduate thesis</subfield>
   <subfield code="c">ANTH 200b.</subfield>
  </datafield>
  <datafield tag="700" ind1="0" ind2=" ">
   <subfield code="a">Purnell, Maria Kathryn N.</subfield>
   <subfield code="e">adviser.</subfield>
  </datafield>
  <datafield tag="905" ind1=" " ind2=" ">
   <subfield code="a">UP</subfield>
  </datafield>
  <datafield tag="905" ind1=" " ind2=" ">
   <subfield code="a">FI</subfield>
  </datafield>
  <datafield tag="852" ind1="0" ind2=" ">
   <subfield code="a">UPMIN</subfield>
   <subfield code="b">UPMIN-MAIN</subfield>
   <subfield code="h">LG993.5 2022 A6</subfield>
   <subfield code="i">A43</subfield>
  </datafield>
  <datafield tag="942" ind1=" " ind2=" ">
   <subfield code="a">Thesis</subfield>
  </datafield>
 </record>
</collection>
